| 000 | 01747nam a2200313Ia 4500 | ||
|---|---|---|---|
| 005 | 20220317000740.0 | ||
| 008 | 160601s2004 sp g 000 0 spa | ||
| 020 | _a9586392287 | ||
| 100 | 1 |
_aJelinek, Elfriede _d1946- |
|
| 245 | 1 | 4 |
_aLos excluidos _cElfriede Jelinek; traducción de Carmen Vázquez de Castro |
| 250 | _a1a. edición | ||
| 300 |
_a208 páginas _c22 cm |
||
| 490 | _aNarrativa Mondadori | ||
| 500 | _aIncluye datos biográficos de la autora | ||
| 520 | _aEsta historia denuncia la dificultad de la vida sin complejos de la Austria posbélica, deseosa de ignorar los crímenes del nazismo. Trata de tres estudiantes de bachillerato y un ambicioso muchacho de clase obrera que asaltan a los transeúntes para robarles. A la determinaión de una sociedad decidida a olvidar el pasado y en la que el triunfo social se convierte en el valor supremo, los cuatro adolescentes responden con el disgusto y el odio. Es una novela en la que se revela la mirada sarcástica de Elfriede Jelinek. Mediante un estilo entre torrencial y distante, y sin emitir juicio moral alguno, la escritora retrata la perversa cotidianidad de la violencia y los valores sociales al uso | ||
| 650 | 1 | 4 |
_2LEMB _aNovela austriaca _ySiglo XX |
| 650 | 1 | 4 |
_2LEMB _aLiteratura austriaca _xSiglo XX |
| 650 | 1 | 4 |
_2LEMB _aOdio en la literatura |
| 650 | 1 | 4 |
_2LEMB _aCrueldad en la literatura |
| 650 | 1 | 4 |
_2LEMB _aDiscriminación en la literatura |
| 700 | 1 |
_aVázquez de Castro, Carmen _etraductor _953955 |
|
| 942 |
_2loc _cBKLIT |
||
| 264 |
_aBarcelona _bMondadori _c2004 |
||
| 336 |
_atexto _btxt _2rdacontent |
||
| 337 |
_asin mediación _bn _2rdamedia |
||
| 338 |
_avolumen _bnc _2rdacarrier |
||
| 040 |
_aCO-BoRNBP _bspa _erda _cCO-BoRNBP |
||
| 084 | _aN JEL1 | ||
| 999 |
_c4950 _d4950 |
||